|
|
|
|
| LEADER |
01006cam a22002295u 4500 |
| 008 |
750830r19751972enkach 001 0 eng|d |
| 040 |
|
|
|a CaOTU
|b eng
|d CaOTTC
|
| 050 |
|
4 |
|a QC16.E5
|
| 082 |
|
|
|a 530/.092/4
|
| 082 |
1 |
|
|a 530/.092/4
|
| 100 |
1 |
|
|a Hoffmann, Banesh,
|d 1906-
|
| 245 |
1 |
0 |
|a Albert Einstein /
|c Banesh Hoffmann ; with the collaboration of Helen Dukas.
|
| 260 |
|
|
|a St Albans :
|b Paladin,
|c 1975.
|9 5445
|
| 300 |
|
|
|a xv, 272 p. :
|b ill., facsims., ports. ;
|c 20 cm.
|
| 503 |
|
|
|a Originally published: as 'Albert Einstein : creator and rebel'. New York : Viking Press, 1972 ; London : Hart-Davis, MacGibbon, 1973.
|
| 504 |
|
|
|a Includes bibliographical references and index.
|
| 600 |
1 |
0 |
|a Einstein, Albert,
|d 1879-1955.
|
| 600 |
1 |
4 |
|a Einstein, Albert,
|d 1879-1955.
|
| 700 |
1 |
|
|a Dukas, Helen.
|
| 942 |
|
|
|2 ddc
|c BK
|
| 999 |
|
|
|c 119921
|d 119921
|
| 952 |
|
|
|0 0
|1 4
|2 ddc
|4 0
|6 530_000000000000000__092_4
|7 0
|9 131669
|a CHE
|b CHE
|c Missing 1981-1987
|d 1977-02-16
|i 3236
|l 0
|o 530/.092/4
|p CHE3236
|r 2012-09-10
|w 2012-09-10
|y BK
|k GBP 1.00
|